000 00594nam a2200241Ia 4500
003 OSt
005 20250627100507.0
008 210423s2009 xx 000 0 und d
020 _a9780070648227
040 _cAL
041 _aeng
082 _a005.1301
_223
_bBALP
100 _aBalagurusamy E
_982975
245 _aProgramming in Ansi C
250 _a4
260 _aNew Delhi
_bTata McGrawhill
_c2009
300 _axii,549
_bPB
365 _b240
_cINR
650 _aComputer Programming
_982976
650 _aGeneral
_982977
906 _aansi ; C. ; Programming
942 _2ddc
_cBK
999 _c158662
_d158662